उत्तमा / (Record no. 117067)

MARC details
000 -LEADER
fixed length control field 01221nam a22002657a 4500
005 - DATE AND TIME OF LATEST TRANSACTION
control field 20170124103048.0
010 ## - LIBRARY OF CONGRESS CONTROL NUMBER
LC control number A-761703
020 ## - INTERNATIONAL STANDARD BOOK NUMBER
Terms of availability 45.00
International Standard Book Number 8171450334
035 ## - SYSTEM CONTROL NUMBER
System control number A-761703
037 ## - SOURCE OF ACQUISITION
Source of stock number/acquisition Cen Lib/Ret
040 ## - CATALOGING SOURCE
Original cataloging agency DPL
Language of cataloging HN
082 ## - DEWEY DECIMAL CLASSIFICATION NUMBER
Classification number
Item number आशापू
100 ## - MAIN ENTRY--PERSONAL NAME
Personal name आशापूर्णा देवी
9 (RLIN) 69897
245 ## - TITLE STATEMENT
Title उत्तमा /
Statement of responsibility, etc आशापूर्णा देवी ; अनुवादक योगेन्द्र चौधरी
246 ## - VARYING FORM OF TITLE
Title proper/short title Uttama /
Remainder of title by Ashapoorna Devi ; anuvadak Yogendra Chaudhary
260 ## - PUBLICATION, DISTRIBUTION, ETC. (IMPRINT)
Place of publication, distribution, etc नयी दिल्ली
Name of publisher, distributor, etc एस.के. पब्लिशर्स
Date of publication, distribution, etc 1994
270 ## - ADDRESS
Address एस-47, अमर कॉलोनी, लाजपत नगर
City नयी दिल्ली
Postal code 110024
300 ## - PHYSICAL DESCRIPTION
Extent 78पृ.
Dimensions 19सेमी (सजिल्द )
650 ## - SUBJECT ADDED ENTRY--TOPICAL TERM
Topical term or geographic name as entry element बांग्ला साहित्य
General subdivision
Geographic subdivision
9 (RLIN) 45844
650 ## - SUBJECT ADDED ENTRY--TOPICAL TERM
Topical term or geographic name as entry element बांग्ला साहित्य
Form subdivision
General subdivision कहानियां
9 (RLIN) 69898
650 ## - SUBJECT ADDED ENTRY--TOPICAL TERM
Topical term or geographic name as entry element Bangla literature
9 (RLIN) 69899
650 ## - SUBJECT ADDED ENTRY--TOPICAL TERM
Topical term or geographic name as entry element Bangla literature
General subdivision stories
9 (RLIN) 69900
700 ## - ADDED ENTRY--PERSONAL NAME
Personal name चौधरी, योगेन्द्र
9 (RLIN) 69901
942 ## - ADDED ENTRY ELEMENTS (KOHA)
Source of classification or shelving scheme Dewey Decimal Classification
Koha item type Hindi Books
Classification part
Call number suffix आशापू
Holdings
Withdrawn status Lost status Damaged status Not for loan Home library Current library Date acquired Source of acquisition Cost, normal purchase price Total Checkouts Full call number Barcode Date last seen Copy number Cost, replacement price Price effective from Koha item type
        Central Library Central Library 26/08/2015 Cen Lib/Ref 45.00   क आशापू A-761703 26/08/2015 1 45.00 26/08/2015 Hindi Books

© Delhi Public Library
Hit Counter
free hit counter